Statistics for Name the Random NBA Player by Picture

Click here to take the quiz!

General Stats

  • This quiz has been taken 25 times
  • The average score is 5 of 8

Answer Stats

Answer% Correct
Cedi Osman
80%
Jose Calderon
80%
Kwame Brown
80%
Marco Belinelli
70%
Ante Zizic
55%
Mike Scott
50%
Luc Mbah A Moute
40%
Antonio Mcdyess
15%

Score Distribution

Percentile by Number Answered

Percent of People with Each Score

Your Score History

You have not taken this quiz